Pištole Steyr 1909 - vitálne starenky

Bibliographic Details
Main Author: Šramek, Tomáš (Author)
Format: Article
Language:Slovak
PhysicalDescription:Fotogr., tab.
ISSN:1335-5740
Subjects:

MARC

LEADER 00000nab a2200000 a 4500
001 vtls001565026
003 SK-MaSNL
005 20260304133821.0
008 250505c2005 xo zr|p|||||||000 b|slo
015 |a SNBRB2005/05  |2 snkbucl 
035 |a (uuid)64044480-9882-4de8-8115-9fed146b526f 
035 |a urn:nbn:sk:snk-ab249x 
035 |a (urnnbn)urn:nbn:sk:snk:ar-a01l2s 
038 |a SNKBUCL 
040 |a SNKBUCL  |b slo  |c SNKBUCL  |e AACR2 
041 0 |a slo 
044 |a xo  |c SK 
080 |a 623.443.3  |2 UDC-MRF-SK2 
100 1 |a Šramek, Tomáš  |4 aut  |9 1061752 
245 1 0 |a Pištole Steyr 1909 - vitálne starenky  |c Tomáš Šramek 
300 |b Fotogr., tab. 
650 0 7 |a Steyr 1909 (pištole)  |2 snkbucl  |9 1098406 
650 0 7 |a pištole  |2 snkbucl  |9 13774 
773 0 |t Zbrane, strelci a lovci  |g Roč. VI, č. 1 (2005), s. 20-23  |x 1335-5740 
850 |a Slovenská národná knižnica 
852 |a Slovenská národná knižnica 
958 |a article27 
958 |a OND 
958 |a EUIPO 
999 |c 2903813  |d 2905743